Mexican or Argentine author? Quiz Stats

 Plays Quiz not verified by Sporcle

Score 0/30 Timer 08:00
0 Plays Today
Name (M)exican or (A)rgentine author % Correct
Domingo Faustino Sarmiento???
83.8%
Roberto Arlt???
82.5%
Jorge Luis Borges???
82.5%
Bartolomé Mitre???
82.5%
Leopoldo Lugones???
80%
Juana Inés de la Cruz???
80%
Fernando de Alva Ixtlilxóchitl???
80%
Juan Rulfo???
78.8%
Vicente Riva Palacio???
77.5%
Ernesto Sabato???
76.3%
Carlos Pellicer Cámara???
76.3%
Ramón López Velarde???
75%
Juan Bautista Alberdi???
75%
Carlos Monsiváis???
75%
Juana Manuela Gorriti???
73.8%
Name (M)exican or (A)rgentine author % Correct
Adolfo Bioy Casares???
73.8%
Ignacio Ramírez???
72.5%
Alejandra Pizarnik???
71.3%
Amado Nervo???
71.3%
Octavio Paz???
70%
José Vicente Solá???
70%
Justo Sierra Méndez???
68.8%
Carlos Ibarguren???
67.5%
Rosario Castellanos???
66.3%
Ignacio Manuel Altamirano???
63.8%
José Hernández y Pueyrredón???
62.5%
Guillermo Prieto???
58.8%
Federico Campbell???
58.8%
Carlos Gorostiza???
57.5%
Juan José Segura???
41.3%

You're not logged in!

Compare scores with friends on all Sporcle quizzes.
OR
Log In

Sporcle TV

Today on Sporcle TV


Watch our educational content, quiz creation guides, and fun videos on Sporcle TV.

Show Comments

Extras

Top Quizzes Today


Score Distribution

Your Account Isn't Verified!

In order to create a playlist on Sporcle, you need to verify the email address you used during registration. Go to your Sporcle Settings to finish the process.

Report this User

Report this user for behavior that violates our Community Guidelines.

Details: